Statistics for Five Flags in 45 Seconds #2 (difficulty level 36)

Click here to take the quiz!

General Stats

  • This quiz has been taken 160 times
  • The average score is 5 of 5

Answer Stats

Answer% Correct
France
100%
Argentina
98%
Sweden
98%
Egypt
94%
Belarus
87%

Score Distribution

Percentile by Number Answered

Percent of People with Each Score

Your Score History

You have not taken this quiz